Missing From the Cover: Classic Literature Quiz Stats

Quiz Updated Jun 1, 2016

Challenge
Share
Tweet
Score 0/20 Timer 06:00
6 Plays Today
% Correct
Moby-Dick (Herman Melville)
98.5%
Pride and Prejudice (Jane Austen)
98%
Wuthering Heights (Emily Brontë)
97.4%
Gulliver's Travels (Jonathan Swift)
97.2%
One Hundred Years of Solitude (Gabriel García Márquez)
96.3%
The Count of Monte Cristo (Alexandre Dumas)
95.3%
The Great Gatsby (F. Scott Fitzgerald)
94.9%
The Adventures of Huckleberry Finn (Mark Twain)
94.4%
Robinson Crusoe (Daniel Defoe)
94.4%
1984 (George Orwell)
94.1%
% Correct
The Time Machine ( H. G. Wells)
91.4%
A Farewell to Arms (Ernest Hemingway)
90.7%
Invisible Man (Ralph Ellison)
90.6%
Dracula (Bram Stoker)
89.5%
The Call of the Wild (Jack London)
83.1%
Ulysses (James Joyce)
81.7%
The Brothers Karamazov (Fyodor Dostoyevsky)
79.8%
A Passage to India (E. M. Forster)
74.2%
Their Eyes Were Watching God (Zora Neale Hurston)
70.5%
The Good Earth (Pearl S. Buck)
59.8%

You're not logged in!

Compare scores with friends on all Sporcle quizzes.
Join for Free
OR
Log In

You Might Also Like...

Show Comments

Extras

Top Quizzes Today


Score Distribution

Your Account Isn't Verified!

In order to create a playlist on Sporcle, you need to verify the email address you used during registration. Go to your Sporcle Settings to finish the process.

Report this User

Report this user for behavior that violates our Community Guidelines.

Details: